000
nam a22 7a 4500
999
_c
232971
_d
232971
003
Nust
005
20170227115717.0
008
170227b xxu||||| |||| 00| 0 eng d
040
_c
DLC
082
_a
923.5 SHA
245
_a
شہا ب نامہ
_c
شہاب،قدرت اللہ
260
_a
Lahore :
_c
2009
300
_a
1247p. :
_c
25cm
942
_2
ddc
_c
BK